LEADER 01076nam a2200253 u 4500 001 000000086604 003 CaOOAMICUS 005 20070226124321.0 008 051003s1931 it u000 u ita u 035 $a11061181 040 $aPUL(R)$bita 100 1 $aAriosto, Ludovico,$d1474-1533.$0(OLS)http://pul/name/10052 240 10$aGruppi, scelte$9(Ariosto, Ludovico, 1474-1533).$0(OLS)http://pul/title/112178 245 10$aElegie, sonetti e canzoni /$cLodovico Ariosto ; a cura di Ardengo Soffici. 260 $aLanciano :$bR. Carabba,$c1931. 300 $a189 p. ;$c20 cm 490 1 $aScrittori nostri ;$v11 700 1 $aSoffici, Ardengo,$d1879-1964.$0(OLS)http://pul/name/56636 830 0$aScrittori nostri ;$v11.$0(OLS)http://pul/title/13306 850 $aPUL 852 $aPUL$W1$xDP1 Fondo Cecchetti$y53$m295 H 28$j109948$nBK-PRI$b $qFondi$B109948$CPULBib$Z2$F109948 $HPUL4163 $81 941 1 $a1 996 $6245$aElegie, sonetti e canzoni$9(OLS)http://pul/title/112179 996 $6260$aLanciano :$bR. Carabba$9(OLS)http://pul/publisher/50669 LEADER 02728nam a2200469 u 4500 001 000000067157 003 CaOOAMICUS 005 20250602115345.0 008 020204s1980 it u000 u ita u 040 $aPUL(R)$bita 100 1 $aMartina, Giacomo,$cS.I.,$d1924-2012.$0(OLS)http://pul/name/1580 245 13$aLa Chiesa nell'età dell'assolutismo del liberalismo del totalitarismo /$cGiacomo Martina. 260 $aBrescia :$bMorcelliana,$c1980. 300 $a4 v. ;$c22 cm 504 $aNote bibliografiche. 505 1 $aV. 1: L'età della riforma (7. ed. 1988). -- v. 2: L'età dell'assolutismo (4. ed. 1980). -- v. 3: L'età del liberalismo (4. ed. 1980). -- v. 4: L'età del totalitarismo (4. ed. 1980). 650 4$aAssolutismo.$0(OLS)http://pul/subject/18325 650 4$aLiberalismo.$0(OLS)http://pul/subject/3409 650 4$aTotalitarismo.$0(OLS)http://pul/subject/19195 740 22$aL'età della riforma. 740 22$aL'età dell'assolutismo. 740 22$aL'età del liberalismo. 740 22$aL'età del totalitarismo. 850 $aPUL 852 $aPUL$W1$xSL Filosofia 1$y2$m105 B 38$j162026$nBK-PRI$av.2 (4. ed. 1980)$qStampati$B86857$CPULBib$Z2$F86857 $H48561 $81 852 $aPUL$W1$xSL Filosofia 1$y2$m105 B 39$j162027$nBK-PRI$av.3 (4. ed. 1980)$qStampati$B86858$CPULBib$Z2$F86858 $H51535 $81 852 $aPUL$W1$xDP1 Fondo G. Barberini$y122$m3 G 52$j166743$nBK-PRI$av.3 - 2. copia$qFondi$B179642$CPULBib$Z2$F179642 $HBar1025 $81 852 $aPUL$W1$xDP1 Fondo G. Barberini$y122$m3 G 51$j167072$nBK-PRI$av.4 - 2. copia$qFondi$B86859$CPULBib$Z2$F86859 $HBar1017 $81 852 $aPUL$W1$xSL Filosofia 1$y2$m105 B 40$j192659$nBK-PRI$av.4 (4. ed. 1980)$qStampati$B198178$CPULBib$Z2$F198178 $H51536 $81 852 $aPUL$W1$xSL Filosofia 1$y2$m105 B 37$j201731$aV. 1 (7. ed. 1988)$qStampati$B206782$CPULBib$Z2$F206782 $H65650 $81 941 1 $a1 941 1 $a8 961 $aINV: 48561; 51535; 51363 961 $aINV: 48561; 51535; 51363 961 $aINV: 48561; 51535; 51363 996 $6245$aLa Chiesa nell'età dell'assolutismo del liberalismo del totalitarismo$9(OLS)http://pul/title/89073 996 $6740$aL'età della riforma$9(OLS)http://pul/title/219354 996 $6740$aL'età dell'assolutismo$9(OLS)http://pul/title/219355 996 $6740$aL'età del liberalismo$9(OLS)http://pul/title/219356 996 $6740$aL'età del totalitarismo$9(OLS)http://pul/title/219357 996 $6260$aBrescia :$bMorcelliana$9(OLS)http://pul/publisher/47854